{"text_format":"3","workbook":"xlsx","n_sheets":1,"sheets":["Orçamento Sintético"],"not_rendered":{"images":1,"external_links":1,"defined_names":1},"read":"whole","date_system":"1900"}

{"sheet":"Orçamento Sintético","index":0,"n_rows":93,"n_cols":10,"rows_kept":93,"merged":[[0,4,0,5],[0,6,0,7],[0,8,0,9],[1,4,1,5],[1,6,1,7],[1,8,1,9],[2,0,2,9],[88,0,88,2],[88,5,88,6],[88,7,88,9],[89,0,89,2],[89,5,89,6],[89,7,89,9],[90,0,90,2],[90,5,90,6],[90,7,90,9],[92,0,92,9]]}
[{"$nulls":3},"Obra","Bancos",null,"B.D.I.",null,"Encargos Sociais"]
[{"$nulls":3},"REFORMA DA CAMARA MUNICIPAL DE MARCAÇÃO-PB","SINAPI - 07/2023 - Paraíba\nORSE - 06/2023 - Sergipe\n",null,"25,84%",null,"Não Desonerado: embutido nos preços unitário dos insumos de mão de obra, de acordo com as bases."]
["Orçamento Sintético"]
["Item","Código","Banco","Descrição","Und","Quant.","Valor Unit","Valor Unit com BDI","Total","Peso (%)"]
[" 1 ",null,null,"SERVIÇOS PRELIMINARES, DEMOLIÇÕES E RETIRADAS",{"$nulls":4},{"v":5254.67,"d":"5,254.67"},{"v":0.056614149211516314,"d":"5.66 %"}]
[" 1.0 "," Comp Tubonasg ","Próprio","CREA-PB (ART)","unid/mes",1,279.27,351.43,351.43,{"v":3.7863292000074556E-3,"d":"0.38 %"}]
[" 1.1 "," 5158 ","ORSE","Sinalização Diurna com Tela tapume em pvc - 10 usos","m",6.19,4.53,{"v":5.7,"d":"5.70"},35.28,{"v":0.000380108966725274,"d":"0.04 %"}]
[" 1.2 "," 97644 ","SINAPI","REMOÇÃO DE PORTAS, DE FORMA MANUAL, SEM REAPROVEITAMENTO. AF_12/2017","m²",10.92,7.71,{"v":9.7,"d":"9.70"},105.92,{"v":0.001141188825270437,"d":"0.11 %"}]
[" 1.3 "," 3141 ","ORSE","Remoção de caixão de madeira (aduela)","un",7,7.87,{"v":9.9,"d":"9.90"},{"v":69.3,"d":"69.30"},{"v":7.466426132103596E-4,"d":"0.07 %"}]
[" 1.4 "," 97633 ","SINAPI","DEMOLIÇÃO DE REVESTIMENTO CERÂMICO, DE FORMA MANUAL, SEM REAPROVEITAMENTO. AF_12/2017","m²",81.23,18.88,23.75,{"v":1929.21,"d":"1,929.21"},{"v":0.020785431397280778,"d":"2.08 %"}]
[" 1.5 "," 97633 ","SINAPI","DEMOLIÇÃO DE REVESTIMENTO CERÂMICO, DE FORMA MANUAL, SEM REAPROVEITAMENTO. AF_12/2017","m²",63,18.88,23.75,{"v":1496.25,"d":"1,496.25"},{"v":0.016120692785223673,"d":"1.61 %"}]
[" 1.6 "," 97645 ","SINAPI","REMOÇÃO DE JANELAS, DE FORMA MANUAL, SEM REAPROVEITAMENTO. AF_12/2017","m²",0.8,29.92,37.65,30.12,{"v":3.2451479812259788E-4,"d":"0.03 %"}]
[" 1.7 "," comp19 ","Próprio","REMOÇÃO DE ELETRODUTOS APARENTES - ATÉ 2\"","m",9.2,10.48,13.18,121.25,{"v":1.3063552215260622E-3,"d":"0.13 %"}]
[" 1.8 "," 97622 ","SINAPI","DEMOLIÇÃO DE ALVENARIA DE BLOCO FURADO, DE FORMA MANUAL, SEM REAPROVEITAMENTO. AF_12/2017","m³",2.42,47.26,59.47,143.91,{"v":1.5504955045757987E-3,"d":"0.16 %"}]
[" 1.9 "," 97663 ","SINAPI","REMOÇÃO DE LOUÇAS, DE FORMA MANUAL, SEM REAPROVEITAMENTO. AF_12/2017","UN",2,10.16,12.78,25.56,{"v":2.7538506772953526E-4,"d":"0.03 %"}]
[" 1.10 "," 8387 ","ORSE","Remoção de bancada de granito (ou marmore)","m²",0.63,20.69,26.03,16.39,{"v":1.7658690375927554E-4,"d":"0.02 %"}]
[" 1.11 "," 97640 ","SINAPI","REMOÇÃO DE FORROS DE DRYWALL, PVC E FIBROMINERAL, DE FORMA MANUAL, SEM REAPROVEITAMENTO. AF_12/2017","m²",18.25,1.34,1.68,30.66,{"v":0.00033033279251125,"d":"0.03 %"}]
[" 1.13 "," comp23 ","Próprio","ALUGUEL MENSAL ANDAIME TUBULAR ATE ALTURA 3,0 METROS","MES",1,176.84,222.53,222.53,{"v":2.3975523913088216E-3,"d":"0.24 %"}]
[" 1.15 "," comp20 ","Próprio","REMOÇÃO E CARGA  MANUAL DE ENTULHOS.","m³",4.02,18.09,22.76,91.49,{"v":9.8571908632923231E-4,"d":"0.10 %"}]
[" 1.16 "," 13 ","ORSE","Demolição de concreto manualmente","m³",1.36,254.73,320.55,435.94,{"v":0.004696845321831518,"d":"0.47 %"}]
[" 1.17 "," 97631 ","SINAPI","DEMOLIÇÃO DE ARGAMASSAS, DE FORMA MANUAL, SEM REAPROVEITAMENTO. AF_12/2017","m²",19.68,2.76,3.47,68.28,{"v":7.3565306825401665E-4,"d":"0.07 %"}]
[" 1.18 "," 38 ","ORSE","Remoção de calha de zinco","m",6.19,10.42,13.11,81.15,{"v":8.7431526785022634E-4,"d":"0.09 %"}]
[" 2 ",null,null,"FUNDAÇÃO/ ESTRUTURA",{"$nulls":4},{"v":12092.6,"d":"12,092.60"},{"v":0.13028644248928709,"d":"13.03 %"}]
[" 2.1 ",null,null,"FUNDAÇÃO",{"$nulls":4},{"v":3930.51,"d":"3,930.51"},{"v":0.042347565045446615,"d":"4.23 %"}]
[" 2.1.1 "," 93358 ","SINAPI","ESCAVAÇÃO MANUAL DE VALA COM PROFUNDIDADE MENOR OU IGUAL A 1,30 M. AF_02/2021","m³",1.99,71.56,90.05,179.19,{"v":1.9306044713010726E-3,"d":"0.19 %"}]
[" 2.1.2 "," 103800 ","SINAPI","PEDRA ARGAMASSADA COM CIMENTO E AREIA 1:3, 40% DE ARGAMASSA EM VOLUME - AREIA E PEDRA DE MÃO COMERCIAIS - FORNECIMENTO E ASSENTAMENTO. AF_08/2022","m³",2.12,{"v":462.9,"d":"462.90"},582.51,{"v":1234.92,"d":"1,234.92"},{"v":0.013305106723026512,"d":"1.33 %"}]
[" 2.1.3 "," comp17 ","Próprio","Adaptado da SINAPI (103329) - ALVENARIA DE VEDAÇÃO DE BLOCOS CERÂMICOS FURADOS NA HORIZONTAL DE 9X19X19 CM (ESPESSURA 9 CM) E ARGAMASSA DE ASSENTAMENTO COM PREPARO MANUAL. AF_12/2021","m²",4.98,156.36,196.76,979.86,{"v":0.010557074040119812,"d":"1.06 %"}]
[" 2.1.4 "," 93205 ","SINAPI","CINTA DE AMARRAÇÃO DE ALVENARIA MOLDADA IN LOCO COM UTILIZAÇÃO DE BLOCOS CANALETA. AF_03/2016","M",12.44,36.47,45.89,570.87,{"v":0.006150589734536768,"d":"0.62 %"}]
[" 2.1.5 "," 98557 ","SINAPI","IMPERMEABILIZAÇÃO DE SUPERFÍCIE COM EMULSÃO ASFÁLTICA, 2 DEMÃOS AF_06/2018","m²",16.17,47.46,59.72,965.67,{"v":0.010404190076462453,"d":"1.04 %"}]
[" 2.2 ",null,null,"ESTRUTURA",{"$nulls":4},{"v":8162.09,"d":"8,162.09"},{"v":0.08793887744384046,"d":"8.79 %"}]
[" 2.2.1 "," 104486 ","SINAPI","COMPOSIÇÃO PARAMÉTRICA PARA EXECUÇÃO DE ESTRUTURAS DE CONCRETO ARMADO, PARA EDIFICAÇÃO HABITACIONAL UNIFAMILIAR TÉRREA (CASA ISOLADA), FCK = 25 MPA. AF_11/2022","m³",1.23,{"v":3021.88,"d":"3,021.88"},{"v":3802.73,"d":"3,802.73"},{"v":4677.35,"d":"4,677.35"},{"v":0.050394066766226195,"d":"5.04 %"}]
[" 2.2.2 "," 93204 ","SINAPI","CINTA DE AMARRAÇÃO DE ALVENARIA MOLDADA IN LOCO EM CONCRETO. AF_03/2016","M",49.38,56.08,70.57,{"v":3484.74,"d":"3,484.74"},{"v":0.03754481067761426,"d":"3.75 %"}]
[" 3 ",null,null,"PAREDES E REVESTIMENTOS (PAREDE E PISO)",{"$nulls":4},{"v":32467.1,"d":"32,467.10"},{"v":0.3498026029922376,"d":"34.98 %"}]
[" 3.1 "," 103329 ","SINAPI","ALVENARIA DE VEDAÇÃO DE BLOCOS CERÂMICOS FURADOS NA HORIZONTAL DE 9X19X19 CM (ESPESSURA 9 CM) E ARGAMASSA DE ASSENTAMENTO COM PREPARO MANUAL. AF_12/2021","m²",69.87,78.21,98.41,{"v":6875.9,"d":"6,875.90"},{"v":0.07408138447580248,"d":"7.41 %"}]
[" 3.2 "," 87879 ","SINAPI","CHAPISCO APLICADO EM ALVENARIAS E ESTRUTURAS DE CONCRETO INTERNAS, COM COLHER DE PEDREIRO.  ARGAMASSA TRAÇO 1:3 COM PREPARO EM BETONEIRA 400L. AF_10/2022","m²",150.98,3.77,4.74,715.64,{"v":0.007710350933879679,"d":"0.77 %"}]
[" 3.3 "," 89173 ","SINAPI","(COMPOSIÇÃO REPRESENTATIVA) DO SERVIÇO DE EMBOÇO/MASSA ÚNICA, APLICADO MANUALMENTE, TRAÇO 1:2:8, EM BETONEIRA DE 400L, PAREDES INTERNAS, COM EXECUÇÃO DE TALISCAS, EDIFICAÇÃO HABITACIONAL UNIFAMILIAR (CASAS) E EDIFICAÇÃO PÚBLICA PADRÃO. AF_12/2014","m²",150.98,32.39,40.75,{"v":6152.43,"d":"6,152.43"},{"v":0.06628667262328734,"d":"6.63 %"}]
[" 3.4 "," 95241 ","SINAPI","LASTRO DE CONCRETO MAGRO, APLICADO EM PISOS, LAJES SOBRE SOLO OU RADIERS, ESPESSURA DE 5 CM. AF_07/2016","m²",4.04,28.14,35.41,143.05,{"v":1.5412298098086861E-3,"d":"0.15 %"}]
[" 3.5 "," 98680 ","SINAPI","PISO CIMENTADO, TRAÇO 1:3 (CIMENTO E AREIA), ACABAMENTO LISO, ESPESSURA 3,0 CM, PREPARO MECÂNICO DA ARGAMASSA. AF_09/2020","m²",4.04,40.98,51.56,{"v":208.3,"d":"208.30"},{"v":2.2442374651041545E-3,"d":"0.22 %"}]
[" 3.6 "," 87257 ","SINAPI","REVESTIMENTO CERÂMICO PARA PISO COM PLACAS TIPO ESMALTADA EXTRA DE DIMENSÕES 60X60 CM APLICADA EM AMBIENTES DE ÁREA MAIOR QUE 10 M2. AF_02/2023_PE","m²",100.83,93.32,117.43,{"v":11840.46,"d":"11,840.46"},{"v":0.12756987007233384,"d":"12.76 %"}]
[" 3.7 "," 87273 ","SINAPI","REVESTIMENTO CERÂMICO PARA PAREDES INTERNAS COM PLACAS TIPO ESMALTADA EXTRA  DE DIMENSÕES 33X45 CM APLICADAS NA ALTURA INTEIRA DAS PAREDES. AF_02/2023_PE","m²",35.22,67.47,{"v":84.9,"d":"84.90"},{"v":2990.17,"d":"2,990.17"},{"v":0.03221628200206668,"d":"3.22 %"}]
[" 3.8 "," 98689 ","SINAPI","SOLEIRA EM GRANITO, LARGURA 15 CM, ESPESSURA 2,0 CM. AF_09/2020","M",6.19,125.56,{"v":158,"d":"158.00"},978.02,{"v":0.010537249762943663,"d":"1.05 %"}]
[" 3.9 "," 93184 ","SINAPI","VERGA PRÉ-MOLDADA PARA PORTAS COM ATÉ 1,5 M DE VÃO. AF_03/2016","M",11.8,31.89,40.13,473.53,{"v":5.1018423756638035E-3,"d":"0.51 %"}]
[" 3.10 "," 93182 ","SINAPI","VERGA PRÉ-MOLDADA PARA JANELAS COM ATÉ 1,5 M DE VÃO. AF_03/2016","M",4.68,42.94,54.03,252.86,{"v":2.724329742804784E-3,"d":"0.27 %"}]
[" 3.11 "," 93194 ","SINAPI","CONTRAVERGA PRÉ-MOLDADA PARA VÃOS DE ATÉ 1,5 M DE COMPRIMENTO. AF_03/2016","M",4.68,42.08,52.95,{"v":247.8,"d":"247.80"},{"v":2.6698129805703768E-3,"d":"0.27 %"}]
[" 3.12 "," 98554 ","SINAPI","IMPERMEABILIZAÇÃO DE SUPERFÍCIE COM MEMBRANA À BASE DE RESINA ACRÍLICA, 3 DEMÃOS. AF_06/2018","m²",11.08,52.66,66.26,734.16,{"v":7.909886593283082E-3,"d":"0.79 %"}]
[" 3.13 "," 8715 ","ORSE","Restauro - Erradicação de liquens e fungos em paredes e ornatos","m²",19.2,35.38,44.52,854.78,{"v":0.00920945415468905,"d":"0.92 %"}]
[" 4 ",null,null,"ESQUADRIAS",{"$nulls":4},{"v":13656.91,"d":"13,656.91"},{"v":0.14714041804875458,"d":"14.71 %"}]
[" 4.1 "," 8258 ","ORSE","Porta em madeira de lei, de correr, lisa, semi-ôca 0,80x2,10m, inclusive batentes e ferragens","un",1,{"v":1236.84,"d":"1,236.84"},{"v":1556.43,"d":"1,556.43"},{"v":1556.43,"d":"1,556.43"},{"v":0.01676907593764791,"d":"1.68 %"}]
[" 4.2 "," 91014 ","SINAPI","KIT DE PORTA DE MADEIRA PARA VERNIZ, SEMI-OCA (LEVE OU MÉDIA), PADRÃO MÉDIO, 70X210CM, ESPESSURA DE 3,5CM, ITENS INCLUSOS: DOBRADIÇAS, MONTAGEM E INSTALAÇÃO DO BATENTE, SEM FECHADURA - FORNECIMENTO E INSTALAÇÃO. AF_12/2019","UN",2,802.82,{"v":1010.26,"d":"1,010.26"},{"v":2020.52,"d":"2,020.52"},{"v":0.021769211152147125,"d":"2.18 %"}]
[" 4.3 "," 91015 ","SINAPI","KIT DE PORTA DE MADEIRA PARA VERNIZ, SEMI-OCA (LEVE OU MÉDIA), PADRÃO MÉDIO, 80X210CM, ESPESSURA DE 3,5CM, ITENS INCLUSOS: DOBRADIÇAS, MONTAGEM E INSTALAÇÃO DO BATENTE, SEM FECHADURA - FORNECIMENTO E INSTALAÇÃO. AF_12/2019","UN",4,861.33,{"v":1083.89,"d":"1,083.89"},{"v":4335.56,"d":"4,335.56"},{"v":0.046711599540119865,"d":"4.67 %"}]
[" 4.4 "," 91013 ","SINAPI","KIT DE PORTA DE MADEIRA PARA VERNIZ, SEMI-OCA (LEVE OU MÉDIA), PADRÃO MÉDIO, 60X210CM, ESPESSURA DE 3,5CM, ITENS INCLUSOS: DOBRADIÇAS, MONTAGEM E INSTALAÇÃO DO BATENTE, SEM FECHADURA - FORNECIMENTO E INSTALAÇÃO. AF_12/2019","UN",1,794.27,{"v":999.5,"d":"999.50"},{"v":999.5,"d":"999.50"},{"v":0.010768676650847827,"d":"1.08 %"}]
[" 4.5 "," 91016 ","SINAPI","KIT DE PORTA DE MADEIRA PARA VERNIZ, SEMI-OCA (LEVE OU MÉDIA), PADRÃO MÉDIO, 90X210CM, ESPESSURA DE 3,5CM, ITENS INCLUSOS: DOBRADIÇAS, MONTAGEM E INSTALAÇÃO DO BATENTE, SEM FECHADURA - FORNECIMENTO E INSTALAÇÃO. AF_12/2019","UN",2,906.56,{"v":1140.81,"d":"1,140.81"},{"v":2281.62,"d":"2,281.62"},{"v":0.02458231917969727,"d":"2.46 %"}]
[" 4.6 "," 90830 ","SINAPI","FECHADURA DE EMBUTIR COM CILINDRO, EXTERNA, COMPLETA, ACABAMENTO PADRÃO MÉDIO, INCLUSO EXECUÇÃO DE FURO - FORNECIMENTO E INSTALAÇÃO. AF_12/2019","UN",6,150.85,189.82,{"v":1138.92,"d":"1,138.92"},{"v":0.012270796609488351,"d":"1.23 %"}]
[" 4.7 "," 90831 ","SINAPI","FECHADURA DE EMBUTIR PARA PORTA DE BANHEIRO, COMPLETA, ACABAMENTO PADRÃO MÉDIO, INCLUSO EXECUÇÃO DE FURO - FORNECIMENTO E INSTALAÇÃO. AF_12/2019","UN",3,132.33,166.52,499.56,{"v":0.005382291253324203,"d":"0.54 %"}]
[" 4.8 "," 100667 ","SINAPI","JANELA DE MADEIRA (IMBUIA/CEDRO OU EQUIV.) DE ABRIR COM 4 FOLHAS (2 VENEZIANAS E 2 GUILHOTINAS PARA VIDRO), COM BATENTE, ALIZAR E FERRAGENS. EXCLUSIVE VIDROS, ACABAMENTO E CONTRAMARCO. FORNECIMENTO E INSTALAÇÃO. AF_12/2019","m²",0.92,712.44,896.53,{"v":824.8,"d":"824.80"},{"v":0.008886447725482029,"d":"0.89 %"}]
[" 5 ",null,null,"LOUÇAS E METAS SANITÁRIOS",{"$nulls":4},{"v":4506.74,"d":"4,506.74"},{"v":0.0485559037613226,"d":"4.86 %"}]
[" 5.1 "," 86943 ","SINAPI","LAVATÓRIO LOUÇA BRANCA SUSPENSO, 29,5 X 39CM OU EQUIVALENTE, PADRÃO POPULAR, INCLUSO SIFÃO FLEXÍVEL EM PVC, VÁLVULA E ENGATE FLEXÍVEL 30CM EM PLÁSTICO E TORNEIRA CROMADA DE MESA, PADRÃO POPULAR - FORNECIMENTO E INSTALAÇÃO. AF_01/2020","UN",2,243.83,306.83,613.66,{"v":0.006611611919519037,"d":"0.66 %"}]
[" 5.2 "," 100869 ","SINAPI","BARRA DE APOIO RETA, EM ACO INOX POLIDO, COMPRIMENTO 90 CM,  FIXADA NA PAREDE - FORNECIMENTO E INSTALAÇÃO. AF_01/2020","UN",4,362.24,455.84,{"v":1823.36,"d":"1,823.36"},{"v":0.01964499675646813,"d":"1.96 %"}]
[" 5.3 "," 100866 ","SINAPI","BARRA DE APOIO RETA, EM ACO INOX POLIDO, COMPRIMENTO 60CM, FIXADA NA PAREDE - FORNECIMENTO E INSTALAÇÃO. AF_01/2020","UN",2,318.65,400.98,801.96,{"v":8.640368110969408E-3,"d":"0.86 %"}]
[" 5.4 "," 86931 ","SINAPI","VASO SANITÁRIO SIFONADO COM CAIXA ACOPLADA LOUÇA BRANCA, INCLUSO ENGATE FLEXÍVEL EM PLÁSTICO BRANCO, 1/2  X 40CM - FORNECIMENTO E INSTALAÇÃO. AF_01/2020","UN",2,503.72,633.88,{"v":1267.76,"d":"1,267.76"},{"v":0.013658926974366024,"d":"1.37 %"}]
[" 6 ",null,null,"INSTALAÇÃO ELÉTRICA",{"$nulls":4},{"v":3077.78,"d":"3,077.78"},{"v":0.03316019772130708,"d":"3.32 %"}]
[" 6.1 "," 104476 ","SINAPI","COMPOSIÇÃO PARAMÉTRICA DE PONTO ELÉTRICO DE TOMADA DE USO ESPECÍFICO 2P+T (20A/250V) EM EDIFÍCIO RESIDENCIAL COM ELETRODUTO EMBUTIDO EM RASGOS NAS PAREDES, INCLUSO TOMADA, ELETRODUTO, CABO, RASGO, QUEBRA E CHUMBAMENTO . AF_11/2022","UN",8,151.55,190.71,{"v":1525.68,"d":"1,525.68"},{"v":0.016437773479405216,"d":"1.64 %"}]
[" 6.2 "," 104473 ","SINAPI","COMPOSIÇÃO PARAMÉTRICA DE PONTO ELÉTRICO DE ILUMINAÇÃO, COM INTERRUPTOR SIMPLES, EM EDIFÍCIO RESIDENCIAL COM ELETRODUTO EMBUTIDO EM RASGOS NAS PAREDES, INCLUSO TOMADA, ELETRODUTO, CABO, RASGO E CHUMBAMENTO (SEM LUMINÁRIA E LÂMPADA). AF_11/2022","UN",4,136.91,172.28,689.12,{"v":0.007424622765014762,"d":"0.74 %"}]
[" 6.3 "," 060081 ","SBC","LUMINARIA EMBUTIR/PAINEL LED DEEP QUADRADO STH8904/30 STELLA","UN",4,155.39,195.54,782.16,{"v":0.008427041650052163,"d":"0.84 %"}]
[" 6.4 "," 103782 ","SINAPI","LUMINÁRIA TIPO PLAFON CIRCULAR, DE SOBREPOR, COM LED DE 12/13 W - FORNECIMENTO E INSTALAÇÃO. AF_03/2022","UN",2,32.12,40.41,80.82,{"v":8.7075982683493887E-4,"d":"0.09 %"}]
[" 7 ",null,null,"COBERTA,FORRO E DRENAGEM",{"$nulls":4},{"v":12504.37,"d":"12,504.37"},{"v":0.134722878691908,"d":"13.47 %"}]
[" 7.1 "," 96486 ","SINAPI","FORRO DE PVC, LISO, PARA AMBIENTES COMERCIAIS, INCLUSIVE ESTRUTURA DE FIXAÇÃO. AF_05/2017_PS","m²",41.05,76.81,96.65,{"v":3967.48,"d":"3,967.48"},{"v":0.042745882179795636,"d":"4.27 %"}]
[" 7.2 "," 92543 ","SINAPI","TRAMA DE MADEIRA COMPOSTA POR TERÇAS PARA TELHADOS DE ATÉ 2 ÁGUAS PARA TELHA ONDULADA DE FIBROCIMENTO, METÁLICA, PLÁSTICA OU TERMOACÚSTICA, INCLUSO TRANSPORTE VERTICAL. AF_07/2019","m²",20.74,18.25,22.96,476.19,{"v":0.005130501385059757,"d":"0.51 %"}]
[" 7.3 "," 94210 ","SINAPI","TELHAMENTO COM TELHA ONDULADA DE FIBROCIMENTO E = 6 MM, COM RECOBRIMENTO LATERAL DE 1 1/4 DE ONDA PARA TELHADO COM INCLINAÇÃO MÁXIMA DE 10°, COM ATÉ 2 ÁGUAS, INCLUSO IÇAMENTO. AF_07/2019","m²",20.74,61.18,76.98,{"v":1596.56,"d":"1,596.56"},{"v":0.017201439113234223,"d":"1.72 %"}]
[" 7.4 "," 94228 ","SINAPI","CALHA EM CHAPA DE AÇO GALVANIZADO NÚMERO 24, DESENVOLVIMENTO DE 50 CM, INCLUSO TRANSPORTE VERTICAL. AF_07/2019","M",5.76,78.55,98.84,569.31,{"v":0.006133782195191772,"d":"0.61 %"}]
[" 7.5 "," 89451 ","SINAPI","TUBO, PVC, SOLDÁVEL, DN 75MM, INSTALADO EM PRUMADA DE ÁGUA - FORNECIMENTO E INSTALAÇÃO. AF_06/2022","M",2.8,49.79,62.65,175.42,{"v":1.8899862512173344E-3,"d":"0.19 %"}]
[" 7.6 "," 89515 ","SINAPI","JOELHO 45 GRAUS, PVC, SOLDÁVEL, DN 75MM, INSTALADO EM PRUMADA DE ÁGUA - FORNECIMENTO E INSTALAÇÃO. AF_06/2022","UN",1,82.25,{"v":103.5,"d":"103.50"},{"v":103.5,"d":"103.50"},{"v":1.1151155911583292E-3,"d":"0.11 %"}]
[" 7.7 "," 89513 ","SINAPI","JOELHO 90 GRAUS, PVC, SOLDÁVEL, DN 75MM, INSTALADO EM PRUMADA DE ÁGUA - FORNECIMENTO E INSTALAÇÃO. AF_06/2022","UN",1,104.08,130.97,130.97,{"v":1.4110791205218009E-3,"d":"0.14 %"}]
[" 7.8 "," 89611 ","SINAPI","LUVA, PVC, SOLDÁVEL, DN 75MM, INSTALADO EM PRUMADA DE ÁGUA - FORNECIMENTO E INSTALAÇÃO. AF_06/2022","UN",1,30.28,{"v":38.1,"d":"38.10"},{"v":38.1,"d":"38.10"},{"v":4.1049182631045742E-4,"d":"0.04 %"}]
[" 7.9 "," 101979 ","SINAPI","CHAPIM (RUFO CAPA) EM AÇO GALVANIZADO, CORTE 33. AF_11/2020","M",12.71,39.59,49.82,633.21,{"v":0.006822244864515611,"d":"0.68 %"}]
[" 7.10 "," comp42 ","Próprio","FORNECIMENTO E INSTALAÇÃO DEPINGADEIRAS / CAPAS DE MURO - MODELO PADRÃO - 30 X 80 X 5 CM","und",35.23,48.74,61.33,{"v":2160.65,"d":"2,160.65"},{"v":0.023278980696002358,"d":"2.33 %"}]
[" 7.11 "," comp43 ","Próprio","REVISÃO DE RUFO ESTAMPADO EM ALUMÍNIO E = 0,8MM COM DESENVOLVIMENTO 25CM","m",16.4,80.42,{"v":101.2,"d":"101.20"},{"v":1659.68,"d":"1,659.68"},{"v":0.017881498012885563,"d":"1.79 %"}]
[" 7.12 "," 8266 ","ORSE","Calha em chapa de aço galvanizado nº 26, desenvolvimento 67 cm (fundo=15 cm, laterais=15 e 22 cm, bordas=3 e 12cm)","m",6.19,127.52,160.47,{"v":993.3,"d":"993.30"},{"v":0.010701877456015155,"d":"1.07 %"}]
[" 8 ",null,null,"PINTURA",{"$nulls":4},{"v":8648.95,"d":"8,648.95"},{"v":0.09318433808839452,"d":"9.32 %"}]
[" 8.1 "," 96135 ","SINAPI","APLICAÇÃO MANUAL DE MASSA ACRÍLICA EM PAREDES EXTERNAS DE CASAS, DUAS DEMÃOS. AF_05/2017","m²",175.88,24.44,30.75,{"v":5408.31,"d":"5,408.31"},{"v":0.05826947635572467,"d":"5.83 %"}]
[" 8.2 "," 104642 ","SINAPI","PINTURA LÁTEX ACRÍLICA STANDARD, APLICAÇÃO MANUAL EM PAREDES, DUAS DEMÃOS. AF_04/2023","m²",335.47,7.68,9.66,{"v":3240.64,"d":"3,240.64"},{"v":0.03491486173266984,"d":"3.49 %"}]
[" 9 ",null,null,"SERVIÇOS FINAIS",{"$nulls":4},606.37,{"v":0.006533068995272233,"d":"0.65 %"}]
[" 9.1 "," 99804 ","SINAPI","LIMPEZA DE PISO CERÂMICO OU PORCELANATO UTILIZANDO DETERGENTE NEUTRO E ESCOVAÇÃO MANUAL. AF_04/2019","m²",81.79,4.55,5.72,467.83,{"v":0.005040430212672475,"d":"0.50 %"}]
[" 9.2 "," 99807 ","SINAPI","LIMPEZA DE REVESTIMENTO CERÂMICO EM PAREDE UTILIZANDO DETERGENTE NEUTRO E ESCOVAÇÃO MANUAL. AF_04/2019","m²",40.74,1.39,1.74,70.88,{"v":7.6366563382900844E-4,"d":"0.08 %"}]
[" 9.3 "," 99818 ","SINAPI","LIMPEZA DE BACIA SANITÁRIA, BIDÊ OU MICTÓRIO EM LOUÇA, INCLUSIVE METAIS CORRESPONDENTES. AF_04/2019","UN",3,4.95,6.22,18.66,{"v":2.0104402831897994E-4,"d":"0.02 %"}]
[" 9.4 "," 99819 ","SINAPI","LIMPEZA DE BANCADA DE PEDRA (MÁRMORE OU GRANITO). AF_04/2019","m²",1.03,14.23,{"v":17.9,"d":"17.90"},18.43,{"v":1.9856599367196144E-4,"d":"0.02 %"}]
[" 9.5 "," 99816 ","SINAPI","LIMPEZA DE TANQUE OU LAVATÓRIO DE LOUÇA ISOLADO, INCLUSIVE METAIS CORRESPONDENTES. AF_04/2019","UN",3,{"v":8.1,"d":"8.10"},10.19,30.57,{"v":3.29363126779808E-4,"d":"0.03 %"}]
[]
[{"$nulls":5},"Total sem BDI",null,{"v":73764.44,"d":"73,764.44"}]
[{"$nulls":5},"Total do BDI",null,{"v":19051.05,"d":"19,051.05"}]
[{"$nulls":5},"Total Geral",null,{"v":92815.49,"d":"92,815.49"}]
[]
["_______________________________________________________________\n"]